000 00263nam a2200121Ia 4500
100 _a#N/A
650 _aLIBRARY
942 _cBK
245 _aLIBRARY CATALOGE OF BRITISH COUNCIL
260 _bBRITISH COUNCIL LIBRARY
_aMumbai
082 _bBCL
546 _aENGLISH
999 _c20926
_d20926